Quizzes
Events
Quiz Creation
Community
Videos
Private Events
Remove Ads
Sign In
Join for FREE
Feedback
Dark Mode
Quiz Categories
Sports
Geography
Music
Movies
Television
Just For Fun
Miscellaneous
History
Literature
Language
Science
Gaming
Entertainment
Religion
Holiday
For Kids
Quiz Lab
Recent
Popular Today
Quiz Kudos Today
Editor Picks
Curator Picks
Quizzes by...
Day
Popularity
Type
Ratings
Length
Year
Community
Subscriptions
Recent Discussions
Orange Saloon
Badges
Playlists
Quests
Create
Leaderboards
Showdown
Live 5
Trivia Bingo
Activity
Puzzle Library
Sporcle Events
Private Events
Virtual Trivia
Globe League
Become a Host
Pub Owners
SporcleCon
Opinionation
Our Games
Videos
Blog
Mobile Apps
Partnerships
Remove Ads and Go Orange
Feedback
Literature
Harry Potter
A Song of Ice and Fire
The Hunger Games
Literary Character
Shakespeare
Book
Author
Novel
Poem
Young Adult
Children's Books
Play
Lord of the Rings
Literature
Harry Potter
A Song of Ice and Fire
The Hunger Games
Literary Character
Shakespeare
Book
Author
Novel
Poem
Young Adult
Children's Books
Play
Lord of the Rings
Random Quiz
Search Sporcle
×
Quiz Lab
Quiz Lab
Literature
Book
Type in answers that appear in a list
Type in answers that appear in a list
Classic
Best Score? Go Orange.
Goodreads Choice Awards 2012 Stats
Can you name the books that won Goodreads Choice Awards 2012?
By
Schullerka
8m
20 Questions
20 Plays
20 Plays
20 Plays
Comments
Comments
Give Quiz Kudos
Give Quiz Kudos
-
- Ratings
hide this ad
More Info
Replay
Link that replays current quiz
Next Quiz
Link to next quiz in quiz playlist
You Got
0%
They Got
Avg Score
35%
Avg Friend Score
Upgrade to see
Score Distribution
Jump to the score distribution portion of the page
Score
0/20
Timer
08:00
0
Plays Today
Author
Book
% Correct
J.K. Rowling
The Casual Vacancy
70%
Veronica Roth
Insurgent
65%
Veronica Roth
Insurgent
65%
Gillian Flynn
Gone Girl
60%
John Green
The Fault in Our Stars
60%
E.L. James
Fifty Shades Freed
40%
Cheryl Strayed
Wild: From Lost to Found on the Pacific Crest Trail
40%
Rick Riordan
The Mark of Athena
35%
M.L. Stedman
The Light Between Oceans
30%
Deborah Harkness
Shadow of Night
25%
Author
Book
% Correct
Susan Cain
Quiet: The Power of Introverts in a World That Can't Stop Talking
25%
Jenny Lawson
Let's Pretend This Never Happened: A Mostly True Memoir
25%
Robert Kirkman, Charlie Adlard
The Walking Dead, Vol. 16: A Larger World
25%
Stephen King
The Wind Through the Keyhole
20%
Terry Pratchett, Stephen Baxter
The Long Earth
20%
Justin Cronin
The Twelve
20%
Sally Bedell Smith
Elizabeth the Queen: The Life of a Modern Monarch
20%
Ree Drummond
The Pioneer Woman Cooks: Food from My Frontier
20%
Mary Oliver
A Thousand Mornings
20%
Ian Falconer
Olivia and the Fairy Princesses
20%
Quiz Playlist
Details
Report
Send in Message
Add To Playlist
More Info:
-goodreads choice awards 2012
Classic:
Type in answers that appear in a list
Quiz Source
Last Updated: May 20, 2019
Quiz Scoreboard
CHALLENGE
Sign Up to Join the Scoreboard
Show All
Scores
Hide
Comments
May contain spoilers
Recently Published
Presidents Visiting Landmarks
by Hejman
History
7m
An Introduction to Baseball
by treessimontrees
Sports
5m
Movies - When Are They Set?
by FPL_Elf
Movies
5m
More to Explore
Quiz From the Vault
Featured Blog Post
Where Did the Easter Bunny Come From?
hide this ad
You Might Also Like...
Tags
Author Quiz
Book Quiz
2012
Award
Award-Winning
Awards Winners
Winner
Today's Top Quizzes in Literature
Browse Literature
hide this ad
Today's Top Quizzes in Book
Browse Book
Top Contributed Quizzes in Literature
1
Sneaky Slytherin Logic Puzzle
2
Get The Picture: Black or White Literature
3
A Court of Thorns and Roses (ACoTaR) Logic Puzzle
4
One Thing in Common: Literature
5
5-to-1: Plays
6
Harry Potter Neighbourly Logic Puzzle #5
7
One Thing in Common: Literature 3
8
One Thing in Common: Literature II
9
One Thing in Common: Books
10
Harry Potter Neighbourly Logic Puzzle #3
Explore More
Trending Topics
NBA
Anime
Crossword
Kpop
Harry Potter
Disney
Marvel
Song
Puzzle
WWE
Pokémon
Soccer
NFL
The Office
Country
hide this ad
More By:
Schullerka
Quiz
Plays
Rating
Category
Featured
Created
Sword Art Online Characters
1,882
4.00
Television
Feb 3, 2014
Penguin Random House Logo
1,729
4.25
Literature
Feb 28, 2021
🕮 Big Literature Crossword 🕮
1,548
4.52
Literature
May 30, 2019
Pride and Prejudice 7-1 Sorting Gallery
1,266
4.29
Literature
May 8, 2019
Guess The Song - My Chemical Romance
1,054
4.67
Music
Jan 31, 2014
Go to Creator's Profile
Score Distribution
Quiz Creator Spotlight
Schullerka
Follow
Send a Message
Quizzes Created
-
Created Quiz Play Count
-
More By This Creator
Popular Quizzes Today
1
Find the US States - No Outlines Minefield
2
Find the Countries of Europe - No Outlines Minefield
3
The Countries of the World
4
Find the US States
5
Popular People in 1961
6
US States
7
Risky Map Clicking: Biggest States A-Z
8
1-10 Letter E Words III
More Literature Quizzes
Tomorrow and Tomorrow and Tomorrow
Editor's Pick
Trending Quizzes
Risky Map Clicking: Least Populous States A-Z
1-10 Letter G Words
1-10 Letter F Words
One Thing in Common: United Kingdom
Risky Map Clicking: Next State Alphabetically
Recently Updated
Leaping Animals
pecheneg
Reality TV Shows (A-Z)
bhenderson79
Rickey Henderson's Hall of Fame Teammates
pecheneg
Champions League XIs: Arsenal
pecheneg
Quick Pick: Celebrities in WWE's Hall of Fame
aduchscher
A-Z Keypad Blitz II
pecheneg
Multiple Oscar Actors
pecheneg
Mystery Phrase Blitz: Oscar 'Best Actors'
pecheneg
F. Scott Fitzgerald Novels
LTH
Pick 3 Villains
ddd62291
Trending Topics
Kpop
Marvel
Crossword
Harry Potter
Disney
NBA
Anime
Soccer
Puzzle
Country
The Office
WWE
NFL
Pokémon
Song
Your Account Isn't Verified!
In order to create a playlist on Sporcle, you need to verify the email address you used during registration. Go to your
Sporcle Settings
to finish the process.
Report this User
Report this user for behavior that violates our
Community Guidelines
.
Details:
Send Report
Go to the Sporcle.com Mobile Site →
Comments